[Event "37. Open Barberá del Vallés 2014"]
[Site "Barberá del Vallés ESP"]
[Date "2014.07.11"]
[Round "8.18"]
[White "Rojano Alfonso, Carlos"]
[Black "Sos Andreu, Eric"]
[Result "1-0"]
[WhiteElo "2213"]
[BlackElo "2345"]
[PlyCount "71"]
[EventDate "2014.07.04"]
[EventType "swiss"]
[EventRounds "9"]
[EventCountry "ESP"]
[Source "lmi"]
[SourceDate "2014.07.04"]

1. d4 Nf6 2. c4 g6 3. f3 c5 4. d5 b5 5. e4 d6 6. a4 bxc4 7. Bxc4 Bg7 8. Ne2 Ba6
9. Bb5+ Bxb5 10. axb5 O-O 11. O-O Qb6 12. Nbc3 Ne8 13. Bg5 f6 14. Be3 Qb7 15.
Nf4 Bh6 16. Qe2 Bxf4 17. Bxf4 Nc7 18. Bh6 Re8 19. f4 e6 20. dxe6 Nxe6 21. f5
Nd4 22. Qc4+ Qf7 23. Qxf7+ Kxf7 24. Nd5 Nd7 25. Nc7 Rec8 26. Nxa8 Rxa8 27. Ra5
Nb6 28. Rfa1 gxf5 29. exf5 Nxf5 30. Rxa7+ Rxa7 31. Rxa7+ Kg6 32. Bf8 h5 33. Ra6
Nd7 34. Bxd6 c4 35. Rc6 Nd4 36. Rc7 1-0

[Event "37. Open Barberá del Vallés 2014"]
[Site "Barberá del Vallés ESP"]
[Date "2014.07.11"]
[Round "8.19"]
[White "Iagar, Razvan-Gabriel"]
[Black "Martinez Ramirez, Erik"]
[Result "1-0"]
[WhiteElo "2168"]
[BlackElo "2324"]
[PlyCount "97"]
[EventDate "2014.07.04"]
[EventType "swiss"]
[EventRounds "9"]
[EventCountry "ESP"]
[Source "lmi"]
[SourceDate "2014.07.04"]

1. d4 Nf6 2. c4 g6 3. Nc3 d5 4. Nf3 Bg7 5. e3 O-O 6. cxd5 Nxd5 7. Bc4 Nb6 8.
Bb3 Nc6 9. O-O Na5 10. Bc2 Be6 11. Qe2 Bc4 12. Bd3 Bxd3 13. Qxd3 c5 14. Rd1
cxd4 15. Nxd4 e5 16. Nf3 Qxd3 17. Rxd3 Rfd8 18. Rxd8+ Rxd8 19. e4 Nac4 20. Kf1
Nd7 21. b3 Ncb6 22. Be3 f6 23. Ne1 Bf8 24. Nd3 Rc8 25. Rc1 Ba3 26. Rc2 Nc5 27.
Nxc5 Bxc5 28. Nd5 Ba3 29. Rxc8+ Nxc8 30. Nxf6+ Kg7 31. Nd5 Kf7 32. Ke2 a6 33.
Nb6 Nxb6 34. Bxb6 Ke6 35. Kd3 Kd7 36. Be3 Bb2 37. g3 Kd6 38. f4 exf4 39. gxf4
Bg7 40. Bd4 Bh6 41. Ke3 Ke6 42. Kf3 Bf8 43. Kg4 Bd6 44. h3 Bb4 45. f5+ Kf7 46.
Kf4 gxf5 47. Kxf5 b5 48. e5 a5 49. e6+ 1-0

[Event "37. Open Barberá del Vallés 2014"]
[Site "Barberá del Vallés ESP"]
[Date "2014.07.11"]
[Round "8.20"]
[White "Del Amo Carbo, Jordi"]
[Black "Gurevich, Daniel"]
[Result "0-1"]
[WhiteElo "2112"]
[BlackElo "2317"]
[PlyCount "92"]
[EventDate "2014.07.04"]
[EventType "swiss"]
[EventRounds "9"]
[EventCountry "ESP"]
[Source "lmi"]
[SourceDate "2014.07.04"]

1. d4 Nf6 2. c4 g6 3. Nc3 Bg7 4. e4 d6 5. Bd3 O-O 6. Nge2 Nc6 7. f3 e5 8. d5
Nd4 9. Nxd4 exd4 10. Ne2 Nd7 11. Bc2 Qh4+ 12. g3 Qf6 13. O-O Ne5 14. Nxd4 Bh3
15. Rf2 Rae8 16. Rb1 Nxc4 17. Ne2 Ne5 18. Nf4 Bd7 19. Qf1 a6 20. Bd2 Qe7 21.
Bc3 h5 22. Kg2 Bf6 23. a4 Kg7 24. Qe1 Rh8 25. h3 Reg8 26. Qe2 Qe8 27. b3 Qc8
28. Rh1 Qd8 29. Nd3 Nxd3 30. Qxd3 Re8 31. f4 Rhf8 32. Re1 Bxc3 33. Qxc3+ Kg8
34. e5 Re7 35. f5 Rxe5 36. Rxe5 dxe5 37. f6 Qc8 38. Qxe5 Bxh3+ 39. Kh2 Bg4 40.
Qf4 Kh7 41. Be4 Re8 42. Bd3 Qd7 43. Rd2 Qd6 44. Bc4 Re5 45. Rf2 Rf5 46. Qe3
Qxf6 0-1

[Event "37. Open Barberá del Vallés 2014"]
[Site "Barberá del Vallés ESP"]
[Date "2014.07.11"]
[Round "8.21"]
[White "Garcia Marin, Guillem"]
[Black "Perez Manas, Benjamin"]
[Result "0-1"]
[WhiteElo "2099"]
[BlackElo "2290"]
[PlyCount "68"]
[EventDate "2014.07.04"]
[EventType "swiss"]
[EventRounds "9"]
[EventCountry "ESP"]
[Source "lmi"]
[SourceDate "2014.07.04"]

1. d4 d5 2. Nf3 Nc6 3. g3 Bg4 4. Bg2 Qd7 5. h3 Bxf3 6. Bxf3 O-O-O 7. Nc3 e6 8.
Bf4 Bd6 9. Qd2 Nf6 10. O-O-O Kb8 11. Kb1 a6 12. e4 dxe4 13. Nxe4 Nxe4 14. Bxe4
Bxf4 15. Qxf4 e5 16. Bxc6 exf4 17. Bxd7 Rxd7 18. Rhe1 fxg3 19. fxg3 Rhd8 20. c3
c5 21. Kc2 cxd4 22. Rxd4 Rxd4 23. cxd4 Rxd4 24. Re7 Rc4+ 25. Kd3 Rc7 26. Re8+
Ka7 27. Rh8 h6 28. Rh7 f5 29. b3 Re7 30. Rh8 Re6 31. h4 Rg6 32. Ke3 Rxg3+ 33.
Kf4 Rg4+ 34. Kxf5 Rxh4 0-1

[Event "37. Open Barberá del Vallés 2014"]
[Site "Barberá del Vallés ESP"]
[Date "2014.07.11"]
[Round "8.22"]
[White "Bas Mas, Jose Joaquin"]
[Black "Coimbra, Margarida"]
[Result "1-0"]
[WhiteElo "2278"]
[BlackElo "2071"]
[PlyCount "127"]
[EventDate "2014.07.04"]
[EventType "swiss"]
[EventRounds "9"]
[EventCountry "ESP"]
[Source "lmi"]
[SourceDate "2014.07.04"]

1. e4 e5 2. Nf3 Nc6 3. Bc4 Bc5 4. O-O Nf6 5. d4 exd4 6. e5 d5 7. exf6 dxc4 8.
fxg7 Rg8 9. Bg5 Be7 10. Bxe7 Kxe7 11. Re1+ Be6 12. Re4 f5 13. Rh4 Kf7 14. Rxh7
Rxg7 15. Rxg7+ Kxg7 16. c3 d3 17. Qd2 Bd5 18. Qf4 Bxf3 19. gxf3 Qd6 20. Qxf5
Rh8 21. f4 Rf8 22. Qg5+ Kf7 23. Qh5+ Ke7 24. Qh4+ Kd7 25. Nd2 Rxf4 26. Qh3+ Kd8
27. Re1 Qg6+ 28. Kf1 Rg4 29. Nf3 Re4 30. Rxe4 Qxe4 31. Qh4+ Qxh4 32. Nxh4 Ke7
33. Nf5+ Kf7 34. Ne3 Ne5 35. f4 Ng6 36. Nxc4 Nxf4 37. Ke1 Ke6 38. Kd2 c5 39. a4
b6 40. Ke3 Kf5 41. b3 Ne2 42. Kxd3 Nc1+ 43. Kc2 Ne2 44. Nd6+ Ke6 45. Nc8 Ng1
46. Nxa7 Nf3 47. Nc8 Nxh2 48. Nxb6 Kd6 49. Nc4+ Kc6 50. b4 cxb4 51. cxb4 Ng4
52. Kc3 Nf6 53. Kd4 Ne8 54. b5+ Kb7 55. Kc5 Nc7 56. Nd6+ Kb8 57. a5 Ne6+ 58.
Kd5 Nc7+ 59. Kc6 Ne6 60. b6 Nd4+ 61. Kd5 Nb3 62. a6 Na5 63. Nc4 Nb3 64. Ne5 1-0

[Event "37. Open Barberá del Vallés 2014"]
[Site "Barberá del Vallés ESP"]
[Date "2014.07.11"]
[Round "8.23"]
[White "Garcia Ramos, Daniel"]
[Black "Larsen, Karsten"]
[Result "1-0"]
[WhiteElo "1975"]
[BlackElo "2265"]
[PlyCount "113"]
[EventDate "2014.07.04"]
[EventType "swiss"]
[EventRounds "9"]
[EventCountry "ESP"]
[Source "lmi"]
[SourceDate "2014.07.04"]

1. e4 c6 2. d4 g6 3. Nf3 d5 4. Nc3 Bg7 5. h3 Nf6 6. e5 Nfd7 7. Bd3 Nf8 8. O-O
b6 9. Ne2 Ba6 10. c3 Bxd3 11. Qxd3 Nbd7 12. Nf4 e6 13. Qc2 Rc8 14. Nd3 c5 15.
Bg5 Qc7 16. Qa4 Qc6 17. Qxc6 Rxc6 18. b4 h6 19. Be3 c4 20. b5 Rc7 21. Nb4 Nb8
22. a4 Nfd7 23. Ne1 O-O 24. f4 f6 25. Nec2 Kf7 26. Bc1 Rg8 27. Ne3 Bf8 28. Ba3
Bxb4 29. Bxb4 a5 30. Bd6 Rcc8 31. Ng4 Kg7 32. exf6+ Nxf6 33. Rae1 Rge8 34. Be5
Nbd7 35. Nxf6 Nxf6 36. g4 Kf7 37. Bxf6 Kxf6 38. Re5 Rcd8 39. Kg2 Rh8 40. Kg3
Rd6 41. h4 h5 42. f5 exf5 43. gxf5 g5 44. hxg5+ Kxg5 45. f6+ Kg6 46. f7 Rf8 47.
Kh4 Kg7 48. Rg5+ Rg6 49. Kxh5 Rh8+ 50. Kg4 Rxg5+ 51. Kxg5 Kf8 52. Rf3 Rh7 53.
Rf6 Rh3 54. Rxb6 Rxc3 55. Kf6 Rf3+ 56. Ke6 Rxf7 57. Kxd5 1-0

[Event "37. Open Barberá del Vallés 2014"]
[Site "Barberá del Vallés ESP"]
[Date "2014.07.11"]
[Round "8.24"]
[White "Herrera Reyes, Jose Antonio"]
[Black "Jareno Badenas, Aleix"]
[Result "1-0"]
[WhiteElo "2239"]
[BlackElo "2064"]
[PlyCount "51"]
[EventDate "2014.07.04"]
[EventType "swiss"]
[EventRounds "9"]
[EventCountry "ESP"]
[Source "lmi"]
[SourceDate "2014.07.04"]

1. g3 Nf6 2. Bg2 d5 3. Nf3 e6 4. O-O c5 5. d3 Be7 6. c3 Nc6 7. Qc2 O-O 8. e4 b5
9. a3 a5 10. h4 Qc7 11. Re1 Ba6 12. Nbd2 Rfc8 13. exd5 Nxd5 14. Ne4 b4 15. Bg5
f6 16. Bh3 Nd8 17. Bd2 Rcb8 18. c4 Nb6 19. h5 e5 20. Nh4 Bc8 21. Nf5 Bxf5 22.
Bxf5 Nc8 23. d4 cxd4 24. Bxh7+ Kh8 25. h6 g5 26. Nxg5 1-0

[Event "37. Open Barberá del Vallés 2014"]
[Site "Barberá del Vallés ESP"]
[Date "2014.07.11"]
[Round "8.25"]
[White "Fabre Massana, Miquel"]
[Black "Leroy, Didier"]
[Result "1-0"]
[WhiteElo "2116"]
[BlackElo "2319"]
[PlyCount "93"]
[EventDate "2014.07.04"]
[EventType "swiss"]
[EventRounds "9"]
[EventCountry "ESP"]
[Source "lmi"]
[SourceDate "2014.07.04"]

1. e4 g6 2. d4 Bg7 3. c4 d6 4. Nc3 e5 5. dxe5 dxe5 6. Qxd8+ Kxd8 7. Be3 c6 8.
O-O-O+ Nd7 9. Bd3 Ngf6 10. f3 Ne8 11. Nge2 Nc7 12. Rd2 Ne6 13. Rhd1 h5 14. Kb1
a5 15. Bc2 h4 16. Na4 Ke7 17. h3 Ra6 18. Nc1 Bh6 19. Bxh6 Rxh6 20. Bd3 b6 21.
Bf1 Ra7 22. b3 Rh5 23. Ne2 Rg5 24. Rd6 Rc7 25. R6d2 Bb7 26. Kb2 Nec5 27. Nxc5
Nxc5 28. Rd8 Rh5 29. a3 Rd7 30. R8xd7+ Nxd7 31. Nc3 Rg5 32. b4 f5 33. Rd2 Rg3
34. Ne2 Rg5 35. Nc3 axb4 36. axb4 c5 37. Nd5+ Bxd5 38. cxd5 fxe4 39. d6+ Kd8
40. Kc3 exf3 41. Ra2 Ke8 42. gxf3 Rf5 43. Bb5 Rxf3+ 44. Kc4 Rxh3 45. Ra7 Rf3
46. Bxd7+ Kf8 47. Be6 1-0

[Event "37. Open Barberá del Vallés 2014"]
[Site "Barberá del Vallés ESP"]
[Date "2014.07.11"]
[Round "8.26"]
[White "Canal Oliveras, Joan"]
[Black "Saez Coma, Alejandro"]
[Result "1-0"]
[WhiteElo "2250"]
[BlackElo "2097"]
[PlyCount "107"]
[EventDate "2014.07.04"]
[EventType "swiss"]
[EventRounds "9"]
[EventCountry "ESP"]
[Source "lmi"]
[SourceDate "2014.07.04"]

1. d4 c5 2. d5 Nf6 3. Nc3 g6 4. e4 d6 5. f4 Bg7 6. e5 dxe5 7. fxe5 Nfd7 8. e6
fxe6 9. dxe6 Ne5 10. Qxd8+ Kxd8 11. Be3 Bxe6 12. O-O-O+ Kc8 13. Bxc5 Nbc6 14.
Bb5 Rd8 15. Rxd8+ Kxd8 16. Nge2 Kc7 17. Nf4 Bh6 18. Be3 Kc8 19. Re1 Nc4 20.
Bxc4 Bxc4 21. Nfd5 Bxd5 22. Nxd5 Bxe3+ 23. Rxe3 Kd7 24. Rh3 Rf8 25. Rxh7 Rf1+
26. Kd2 Rf2+ 27. Kc3 Rxg2 28. Nf4 Rg4 29. Nd3 Rg5 30. b4 Rh5 31. Rxh5 gxh5 32.
b5 Nd8 33. Nf4 h4 34. Ng2 h3 35. Nf4 Nf7 36. Nxh3 Kc7 37. a4 Kd6 38. Nf2 Kd5
39. h3 Ke5 40. Nd3+ Kd5 41. h4 e5 42. Kd2 e4 43. Nf4+ Kc4 44. Ke3 Nd6 45. h5
Nf5+ 46. Kxe4 Ng3+ 47. Ke5 Nxh5 48. Nxh5 a5 49. bxa6 bxa6 50. Nf4 a5 51. Nd5
Kc5 52. Ke6 Kc6 53. Ne3 Kc5 54. c3 1-0

[Event "37. Open Barberá del Vallés 2014"]
[Site "Barberá del Vallés ESP"]
[Date "2014.07.11"]
[Round "8.27"]
[White "Capellades Subirana, Marc"]
[Black "Tadevosyan, Galust"]
[Result "1-0"]
[WhiteElo "2211"]
[BlackElo "1843"]
[PlyCount "101"]
[EventDate "2014.07.04"]
[EventType "swiss"]
[EventRounds "9"]
[EventCountry "ESP"]
[Source "lmi"]
[SourceDate "2014.07.04"]

1. e4 e6 2. d4 d5 3. e5 c5 4. c3 Nc6 5. Nf3 f6 6. Bd3 fxe5 7. Nxe5 Nxe5 8. dxe5
Ne7 9. O-O g6 10. Bg5 Bg7 11. Nd2 O-O 12. f4 Qc7 13. Bxe7 Qxe7 14. c4 b6 15.
Qe2 Bb7 16. g3 Rad8 17. Nf3 Rd7 18. Ng5 Bh6 19. h4 Bxg5 20. fxg5 Rxf1+ 21. Rxf1
dxc4 22. Bxc4 Rd4 23. Rf6 Bc8 24. Kh2 Qd8 25. Kh3 Qe8 26. b3 a6 27. Bxa6 Bxa6
28. Qxa6 Qc6 29. Qf1 Rd8 30. Qg2 Qc7 31. Qe4 Rd5 32. Qa4 Qe7 33. Qa8+ Kg7 34.
Qb8 b5 35. Rf4 b4 36. Rf6 Rd8 37. Qb6 Re8 38. Qc6 Kh8 39. Qd6 Qb7 40. Qd1 Kg8
41. Rf1 Rf8 42. Rxf8+ Kxf8 43. Qd8+ Kf7 44. Qf6+ Kg8 45. Qxe6+ Kg7 46. Kh2 Qe4
47. Qf6+ Kg8 48. e6 Qf5 49. Qxf5 gxf5 50. h5 Kf8 51. h6 1-0

[Event "37. Open Barberá del Vallés 2014"]
[Site "Barberá del Vallés ESP"]
[Date "2014.07.11"]
[Round "8.28"]
[White "Messina, Roberta"]
[Black "Hagesather, Ellen"]
[Result "1/2-1/2"]
[WhiteElo "2057"]
[BlackElo "2182"]
[PlyCount "182"]
[EventDate "2014.07.04"]
[EventType "swiss"]
[EventRounds "9"]
[EventCountry "ESP"]
[Source "lmi"]
[SourceDate "2014.07.04"]

1. Nf3 d5 2. g3 g6 3. c4 d4 4. b4 Bg7 5. Bb2 e5 6. d3 Ne7 7. Bg2 O-O 8. O-O h6
9. Qb3 Be6 10. a4 Nd7 11. Qa3 Rb8 12. Nbd2 g5 13. Nb3 b6 14. a5 b5 15. Nfd2 Re8
16. a6 bxc4 17. dxc4 f5 18. Bb7 Nb6 19. Na5 Rf8 20. b5 Qe8 21. Qc5 Qd8 22. Ba3
Rf7 23. Nf3 Ng6 24. Nc6 Qe8 25. Nxb8 Qxb8 26. Rfc1 Qd8 27. Bb2 Bf8 28. Qc6 Rf6
29. Nd2 Bd5 30. cxd5 Rxc6 31. Rxc6 Bd6 32. Ba3 Ne7 33. Bxd6 Nxc6 34. Bxc7 Qxc7
35. Rc1 Nxd5 36. Rxc6 Qa5 37. Rc8+ Kg7 38. Bxd5 e4 39. Nxe4 fxe4 40. Bxe4 Qe1+
41. Kg2 Qxe2 42. Bf3 Qxb5 43. Rc7+ Kf6 44. Rxa7 d3 45. Ra8 g4 46. Bxg4 d2 47.
Bf3 Qb3 48. Rd8 Qa3 49. Rxd2 Qxa6 50. Rc2 Qa4 51. Rc6+ Kg7 52. h4 Qd4 53. h5
Qd2 54. Rg6+ Kh7 55. Be4 Kh8 56. Rc6 Qg5 57. Rc8+ Kg7 58. Rc7+ Kg8 59. Bf3 Qd2
60. Rc5 Kg7 61. g4 Qd6 62. Rd5 Qf4 63. Rf5 Qd2 64. Bd5 Qd4 65. Rf7+ Kg8 66.
Rf5+ Kg7 67. Bf3 Qd2 68. Rd5 Qf4 69. Rd7+ Kf6 70. Rd5 Kg7 71. Rd1 Qa4 72. Re1
Qb4 73. Re4 Qd6 74. Be2 Qc6 75. f3 Qc1 76. f4 Kf6 77. Bf3 Qd2+ 78. Kg3 Qc1 79.
Re2 Qg1+ 80. Bg2 Qc1 81. Rf2 Qe3+ 82. Bf3 Qe1 83. Kg2 Qb4 84. Be2 Qe4+ 85. Bf3
Qb4 86. Be2 Qe4+ 87. Kg1 Qe3 88. g5+ hxg5 89. fxg5+ Kxg5 90. Kf1 Qxf2+ 91. Kxf2
Kh6 1/2-1/2

[Event "37. Open Barberá del Vallés 2014"]
[Site "Barberá del Vallés ESP"]
[Date "2014.07.11"]
[Round "8.29"]
[White "Ventura Bolet, Alexandre"]
[Black "Anguera Maestro, Jaime"]
[Result "1-0"]
[WhiteElo "1949"]
[BlackElo "2179"]
[PlyCount "43"]
[EventDate "2014.07.04"]
[EventType "swiss"]
[EventRounds "9"]
[EventCountry "ESP"]
[Source "lmi"]
[SourceDate "2014.07.04"]

1. e4 d6 2. d4 g6 3. Nc3 Bg7 4. Be3 c6 5. h3 e5 6. Nf3 Ne7 7. Bc4 O-O 8. dxe5
dxe5 9. Bc5 Nd7 10. Bd6 h6 11. Qd2 Kh7 12. O-O-O Qe8 13. h4 b5 14. Bxb5 cxb5
15. Nxb5 Nb6 16. Nc7 Qd7 17. Nxa8 Nxa8 18. Qb4 Re8 19. Bxe7 Qxe7 20. Qxe7 Rxe7
21. Rd8 Nb6 22. Ng5+ 1-0

[Event "37. Open Barberá del Vallés 2014"]
[Site "Barberá del Vallés ESP"]
[Date "2014.07.11"]
[Round "8.30"]
[White "Jordan Arenas, Manuel"]
[Black "Balague Camps, Marc"]
[Result "1-0"]
[WhiteElo "2175"]
[BlackElo "2082"]
[PlyCount "155"]
[EventDate "2014.07.04"]
[EventType "swiss"]
[EventRounds "9"]
[EventCountry "ESP"]
[Source "lmi"]
[SourceDate "2014.07.04"]

1. d4 Nf6 2. c4 e5 3. dxe5 Ng4 4. Bf4 g5 5. Bg3 Nc6 6. h4 Ngxe5 7. hxg5 Nxc4 8.
Nc3 Bb4 9. a3 Bxc3+ 10. bxc3 Qxg5 11. Nf3 Qg7 12. Qd3 d5 13. e4 Be6 14. exd5
O-O-O 15. Qxc4 Bxd5 16. Qd3 Rhe8+ 17. Be2 Be4 18. Qe3 Bd3 19. Ne5 Nxe5 20. O-O
Bxe2 21. Qxe2 f6 22. Rab1 Qd7 23. Qe4 Qc6 24. Qf5+ Qe6 25. Qf4 Rd6 26. a4 Rc6
27. Qb4 Rb6 28. Qe4 Qc6 29. Qxh7 Rxb1 30. Rxb1 Qxc3 31. Qf5+ Nd7 32. Qf4 Re1+
33. Rxe1 Qxe1+ 34. Kh2 Qa5 35. Qg4 Qd5 36. Qf4 Ne5 37. f3 Qc6 38. Bh4 Nd7 39.
a5 Qd6 40. Kg3 Qxf4+ 41. Kxf4 Kd8 42. Kf5 Ke7 43. g4 Kf7 44. f4 b5 45. Bf2 a6
46. Ke4 Ke6 47. f5+ Kd6 48. Bg3+ Kc6 49. Be1 Nc5+ 50. Kd4 Nd7 51. Bg3 Nc5 52.
Be1 Nb7 53. Bh4 Kd6 54. Bxf6 c5+ 55. Ke3 Nxa5 56. g5 Nc6 57. Bg7 a5 58. g6 Kd7
59. Bf8 Ne7 60. g7 Nd5+ 61. Kd2 Nf6 62. Bxc5 Ke8 63. Bd4 Ng8 64. Kc3 Kf7 65.
Be5 Ne7 66. f6 Nf5 67. Kd3 Nh6 68. Kd4 Ke6 69. Kc5 b4 70. Bb2 Kf7 71. Kb5 b3
72. Kxa5 Nf5 73. Kb4 Nh6 74. Kxb3 Ng8 75. Kc4 Ke6 76. Kd3 Nh6 77. Ke4 Ng8 78.
Kf4 1-0

[Event "37. Open Barberá del Vallés 2014"]
[Site "Barberá del Vallés ESP"]
[Date "2014.07.11"]
[Round "8.31"]
[White "Raghunandan, Kaumandur Srihari"]
[Black "Garcia Acosta, Roger"]
[Result "1-0"]
[WhiteElo "2148"]
[BlackElo "2054"]
[PlyCount "87"]
[EventDate "2014.07.04"]
[EventType "swiss"]
[EventRounds "9"]
[EventCountry "ESP"]
[Source "lmi"]
[SourceDate "2014.07.04"]

1. d4 d5 2. c4 e6 3. Nc3 Be7 4. cxd5 exd5 5. Bf4 c6 6. e3 Bf5 7. g4 Bg6 8. h4
h6 9. h5 Bh7 10. Nge2 Bd6 11. Qb3 b6 12. Bg2 Ne7 13. O-O-O O-O 14. f3 a5 15. e4
b5 16. Bxd6 Qxd6 17. e5 Qb4 18. f4 Qxb3 19. axb3 a4 20. bxa4 b4 21. Nb1 Bxb1
22. Kxb1 Rxa4 23. Kc2 Nd7 24. Ra1 b3+ 25. Kxb3 Rc4 26. Rhc1 Rb8+ 27. Ka2 Rcb4
28. Rc2 Nb6 29. b3 Ra8+ 30. Kb2 Rb8 31. Kc3 Nd7 32. Nc1 c5 33. Ra7 R8b7 34.
Rxb7 Rxb7 35. Ra2 cxd4+ 36. Kxd4 Nc6+ 37. Kxd5 Nb4+ 38. Kd6 Rb6+ 39. Kxd7 Nxa2
40. Nxa2 Rxb3 41. Bd5 Rd3 42. Kd6 Rd4 43. f5 Kf8 44. e6 1-0

[Event "37. Open Barberá del Vallés 2014"]
[Site "Barberá del Vallés ESP"]
[Date "2014.07.11"]
[Round "8.32"]
[White "Colom Andres, Xavier"]
[Black "Castillo Escario, Yolanda"]
[Result "0-1"]
[WhiteElo "1905"]
[BlackElo "2029"]
[PlyCount "136"]
[EventDate "2014.07.04"]
[EventType "swiss"]
[EventRounds "9"]
[EventCountry "ESP"]
[Source "lmi"]
[SourceDate "2014.07.04"]

1. Nf3 d5 2. c4 c6 3. b3 Nf6 4. g3 Bg4 5. Bg2 Nbd7 6. Bb2 e6 7. O-O h6 8. d3
Be7 9. Nbd2 O-O 10. Qc2 a5 11. e4 dxe4 12. dxe4 a4 13. h3 Bh5 14. Rfe1 Bg6 15.
Ne5 Nxe5 16. Bxe5 Nd7 17. Bc3 axb3 18. axb3 Qc7 19. b4 c5 20. b5 Bf6 21. f4
Bxc3 22. Qxc3 f6 23. e5 fxe5 24. fxe5 Rxa1 25. Qxa1 b6 26. Kh2 Kh7 27. Nf3 Bd3
28. Qc3 Bg6 29. Nh4 Be8 30. Be4+ g6 31. Bb1 Kg7 32. Qe3 Qb7 33. Rd1 Qa8 34. Rd6
Rf1 35. Qe4 Qxe4 36. Bxe4 g5 37. Ng2 Kf7 38. Bc6 Nxe5 39. Bxe8+ Ke7 40. Ne3
Nf3+ 41. Kg2 Rg1+ 42. Kxf3 Kxd6 43. Bh5 Rc1 44. Ke4 Rh1 45. Bg4 h5 46. Bxh5
Rxh3 47. g4 Rh1 48. Bg6 Rc1 49. Bf7 Re1 50. Kd3 Ke5 51. Kd2 Rh1 52. Nd1 Rg1 53.
Bh5 Kd4 54. Bf7 Kxc4 55. Bxe6+ Kxb5 56. Nc3+ Kb4 57. Nd5+ Ka5 58. Kc3 b5 59.
Kb2 Rg3 60. Nc3 Re3 61. Bd5 b4 62. Ne4 c4 63. Nxg5 Re2+ 64. Kc1 b3 65. Nf3 c3
66. Kd1 Rg2 67. g5 Rf2 68. Ke1 c2 0-1

[Event "37. Open Barberá del Vallés 2014"]
[Site "Barberá del Vallés ESP"]
[Date "2014.07.11"]
[Round "8.33"]
[White "Basas Gamazo, Josep"]
[Black "Chalmeta Ugas, Jordi"]
[Result "1/2-1/2"]
[WhiteElo "2001"]
[BlackElo "2187"]
[PlyCount "90"]
[EventDate "2014.07.04"]
[EventType "swiss"]
[EventRounds "9"]
[EventCountry "ESP"]
[Source "lmi"]
[SourceDate "2014.07.04"]

1. e4 e6 2. d4 d5 3. Nd2 Nf6 4. e5 Nfd7 5. Bd3 c5 6. c3 Nc6 7. Ne2 cxd4 8. cxd4
f6 9. exf6 Nxf6 10. Nf3 Bd6 11. O-O O-O 12. Bf4 Bxf4 13. Nxf4 Ne4 14. Qc1 Ng5
15. Nxg5 Qxg5 16. Ne2 Qf6 17. Qe3 Bd7 18. Rad1 Be8 19. Qh3 Bg6 20. Bxg6 Qxg6
21. Qe3 Qf5 22. a3 Rae8 23. f4 Na5 24. Rc1 Nc4 25. Qc3 Rc8 26. Ng3 Qg4 27. b3
Nd6 28. Qe3 Rxc1 29. Qxc1 Rc8 30. Qe3 Qg6 31. Re1 Kf7 32. Qe5 Nf5 33. Nxf5 Qxf5
34. Qxf5+ exf5 35. Re5 Rc3 36. b4 Rxa3 37. Rxd5 Ke6 38. Rb5 b6 39. Re5+ Kf6 40.
b5 Ra4 41. Rd5 Ke6 42. Re5+ Kf6 43. Rd5 Ke6 44. Re5+ Kf6 45. Rd5 Ke6 1/2-1/2

[Event "37. Open Barberá del Vallés 2014"]
[Site "Barberá del Vallés ESP"]
[Date "2014.07.11"]
[Round "8.34"]
[White "Bernat, Ernest"]
[Black "Castells Briones, Miquel"]
[Result "1-0"]
[WhiteElo "2101"]
[BlackElo "1979"]
[PlyCount "111"]
[EventDate "2014.07.04"]
[EventType "swiss"]
[EventRounds "9"]
[EventCountry "ESP"]
[Source "lmi"]
[SourceDate "2014.07.04"]

1. e4 c5 2. Nf3 Nc6 3. d4 cxd4 4. Nxd4 Nf6 5. Nc3 e5 6. Ndb5 d6 7. Bg5 a6 8.
Na3 b5 9. Nd5 Be7 10. Bxf6 Bxf6 11. Bd3 Bg5 12. O-O Ne7 13. Nxe7 Qxe7 14. c4
bxc4 15. Nxc4 O-O 16. Nb6 Ra7 17. Nd5 Qb7 18. b3 Be6 19. Bc4 Rc8 20. Qd3 Rc6
21. Rfd1 Qc8 22. Qg3 Bh6 23. Qh4 f6 24. Nxf6+ gxf6 25. Bxe6+ Qxe6 26. Qxh6 Rac7
27. Rd3 Rg7 28. Rg3 Rxg3 29. hxg3 Rc2 30. Rc1 Qg4 31. f3 Rxc1+ 32. Qxc1 Qxg3
33. Qc8+ Kg7 34. Qxa6 Qe1+ 35. Qf1 Qe3+ 36. Kh2 Kg6 37. Qd1 Qf2 38. a4 h5 39.
a5 h4 40. a6 Kh5 41. f4+ Kh6 42. Qf3 Qb6 43. fxe5 dxe5 44. Kh3 Qxa6 45. Kxh4
Qb6 46. Qh5+ Kg7 47. Qg4+ Kh6 48. Qf5 Qd6 49. g4 Kg7 50. Kh5 Qb6 51. Qg6+ Kf8
52. g5 Qxb3 53. Qxf6+ Qf7+ 54. Qxf7+ Kxf7 55. Kh6 Kg8 56. Kg6 1-0

[Event "37. Open Barberá del Vallés 2014"]
[Site "Barberá del Vallés ESP"]
[Date "2014.07.11"]
[Round "8.35"]
[White "Orteu Capdevila, Max"]
[Black "Simon Del Sol, Jaume"]
[Result "1-0"]
[WhiteElo "1808"]
[BlackElo "1986"]
[PlyCount "55"]
[EventDate "2014.07.04"]
[EventType "swiss"]
[EventRounds "9"]
[EventCountry "ESP"]
[Source "lmi"]
[SourceDate "2014.07.04"]

1. e4 e6 2. d4 b6 3. c4 Bb7 4. Nc3 Bb4 5. Qc2 Qh4 6. d5 Nf6 7. Bd3 exd5 8. cxd5
Bxc3+ 9. bxc3 O-O 10. Nf3 Qh5 11. O-O d6 12. c4 Nbd7 13. Bb2 Ng4 14. h3 Nge5
15. Nxe5 Nxe5 16. Be2 Qh4 17. f4 Nd7 18. Bg4 Nf6 19. Be2 Rae8 20. e5 Nd7 21.
Bg4 Nc5 22. Rae1 h5 23. Bf5 Bc8 24. Kh2 Qd8 25. e6 fxe6 26. Bh7+ Kh8 27. Qg6
Rf6 28. Qxh5 1-0

[Event "37. Open Barberá del Vallés 2014"]
[Site "Barberá del Vallés ESP"]
[Date "2014.07.11"]
[Round "8.36"]
[White "Menac Comas, Joan Ramon"]
[Black "Martinez Pla, Xavier"]
[Result "1-0"]
[WhiteElo "2147"]
[BlackElo "1881"]
[PlyCount "85"]
[EventDate "2014.07.04"]
[EventType "swiss"]
[EventRounds "9"]
[EventCountry "ESP"]
[Source "lmi"]
[SourceDate "2014.07.04"]

1. c4 e5 2. g3 g6 3. Bg2 Bg7 4. Nc3 Nc6 5. Rb1 d6 6. b4 f5 7. b5 Nce7 8. Qb3
Nf6 9. d3 h6 10. e3 Nd7 11. Nge2 Rb8 12. a4 Nc5 13. Qc2 Be6 14. Ba3 e4 15. dxe4
Bxc4 16. Bxc5 dxc5 17. Rd1 Qc8 18. Nd5 Bxe2 19. Kxe2 b6 20. Nxe7 Kxe7 21. Bh3
Rf8 22. Rd5 Qe6 23. Rhd1 Rbd8 24. Rxd8 Rxd8 25. exf5 gxf5 26. Bxf5 Qe5 27. Rxd8
Kxd8 28. Qd3+ Qd6 29. f4 Ke7 30. e4 Bd4 31. Qc4 Bg1 32. e5 Qd4 33. Qxd4 cxd4
34. h3 Be3 35. Kd3 Bf2 36. g4 Bg3 37. Ke4 d3 38. Kf3 d2 39. Bc2 Bh2 40. h4 Ke6
41. Bb3+ Ke7 42. g5 hxg5 43. hxg5 1-0

[Event "37. Open Barberá del Vallés 2014"]
[Site "Barberá del Vallés ESP"]
[Date "2014.07.11"]
[Round "8.37"]
[White "Jimenez Ruano, Adrian"]
[Black "Fernandez Aguilar, Francisco"]
[Result "0-1"]
[WhiteElo "1851"]
[BlackElo "2049"]
[PlyCount "48"]
[EventDate "2014.07.04"]
[EventType "swiss"]
[EventRounds "9"]
[EventCountry "ESP"]
[Source "lmi"]
[SourceDate "2014.07.04"]

1. d4 d5 2. c4 c6 3. Nf3 Nf6 4. Nc3 e6 5. e3 Nbd7 6. Bd3 dxc4 7. Bxc4 b5 8. Bd3
Bd6 9. O-O O-O 10. Bd2 Bb7 11. Ne4 Nxe4 12. Bxe4 f5 13. Bd3 e5 14. Qb3+ Kh8 15.
dxe5 Nxe5 16. Nxe5 Bxe5 17. Bb4 c5 18. Bxc5 Bxh2+ 19. Kxh2 Qh4+ 20. Kg1 Bxg2
21. f4 Qg3 22. Rf3 Bxf3+ 23. Kf1 Rf6 24. e4 Rh6 0-1